000 01572nam a22004217a 4500
001 000101575
003 CHAP
005 20220329143527.0
008 100408s2010 mx r 00010 spa d
010 _a98038
011 _a99010
035 _a109695
040 _cCHAP
090 _aTesis
100 1 _aMartínez Fernández, Sandra Isabel.
_972029
245 1 0 _aAnálisis espacial geoestadistico para caracterizar la salinidad de los suelos del ex lago de Texcoco, México /
_c/por Sandra Isabel Martínez Fernández.
260 _aChapingo, Méx. :
_bEl autor,
_c2010.
300 _aviii, 81 h. :
_bilus. mapas.
502 _aTesis (Ing. Agr. Esp. en Suelos) -- UACH. Departamento de Suelos
590 _aALEPH
_b10
_c20130110
_lUCH01
_h1533
590 _aBATCH-UPD
_b10
_c20130110
_lUCH01
_h1528
590 _aBATCH-UPD
_b10
_c20130410
_lUCH01
_h0936
590 _aBATCH-UPD
_b10
_c20130914
_lUCH01
_h0347
590 _aBATCH-UPD
_b10
_c20140324
_lUCH01
_h1516
590 _aBATCH-UPD
_b10
_c20141002
_lUCH01
_h0842
590 _aCONVERSION
_b10
_c20130109
_lUCH01
_h1354
590 _aE12093SGE
_b10
_c20130718
_lUCH01
_h0856
650 0 4 _aAnálisis espacial.
_95982
650 0 4 _aGeografía
_xMétodos estadísticos.
_947556
650 0 4 _aSuelos
_xSodio en.
_9110484
650 0 4 _aSuelos
_zMéxico (Edo.).
_9110525
856 _3Finding aid
_uhttp://10.13.5.2/tesis/109695.pdf
_zTeclea aquí
901 _aBK
942 _cFOLL
942 _n0
949 _bBC
_cTES
_d33724002170702
_eTS1
_h50541
_i109695
_sb
949 _bBC
_cTES
_d33724002170743
_eTS2
_fc.2
_h50542
_i109695
_sb
999 _c98038
_d98038